| 000 | 01328nam a22003137a 4500 | ||
|---|---|---|---|
| 005 | 20150803151644.0 | ||
| 008 | 041129s1995 gx ab r 00000 spa d | ||
| 020 | _a3443650031 | ||
| 040 |
_aCO-BoIAVH _cCO-BoIAVH |
||
| 041 | 0 |
_aspa _aeng |
|
| 043 | _as-ck--- | ||
| 082 | 0 | 4 |
_a574.509861 _bH224c |
| 100 |
_aThomas Van der Hammen _936350 |
||
| 245 | 0 | 3 |
_aLa cordillera central colombiana : _btransecto Parque Los Nevados,Ultima Parte. |
| 250 | _aThomas Van der Hammen, Alice G. Dos Santos. | ||
| 260 |
_aBerlin : _bJ. Cramer, _c1995. |
||
| 300 |
_a544 p. _bil. ; mapas _c25 cm. |
||
| 490 |
_aStudies on tropical andean ecosystems _v4 |
||
| 504 | _aIncluye bibliografías. | ||
| 546 | _aTexto bilingüe español-inglés. | ||
| 650 |
_aEcosistemas _z Parque Nacional Natural de los Nevados (Colombia) _936351 |
||
| 650 | 6 |
_aPaleoecología _z Parque Nacional Natural de los Nevados (Colombia) _936352 |
|
| 650 | 6 |
_aSuelos _x Investigaciones _z Parque Nacional Natural de los Nevados (Colombia) _936353 |
|
| 650 | 6 |
_aComunidades de plantas _z Parque Nacional Natural de los Nevados (Colombia) _936354 |
|
| 650 |
_aGeomorfología _z Parque Nacional Natural de los Nevados (Colombia) _936355 |
||
| 700 | 1 |
_aVan der Hammen, Thomas, _d1924-, _eed. _936356 |
|
| 700 | 1 |
_aSantos, Alice G. Dos, _eed. _936357 |
|
| 942 |
_2ddc _cLIBRO |
||
| 999 |
_c7393 _d7393 |
||